=LDR 00000nam 2200000 4500 =001 INLIS000000000039693 =005 20130612145314 =008 ***********************************Ind** =035 ##$$0010-061300000039693 =041 ##$$a Ind =082 ##$$a 612.3 =090 ##$$a 612.3, Seh s.2 =245 ##$$a sehat dari meja makan =260 ##$$a Trubus Swadaya $b Jakarta =300 ##$$a 122 hlm, ilus, 25 cm =850 ##$$a NBPNMAT